Malraux ou le recit hibride: essai sur les techniques narratives dans l'espoir

Αποθηκεύτηκε σε:
Λεπτομέρειες βιβλιογραφικής εγγραφής
Κύριος συγγραφέας: Carrard, Philippe
Μορφή: Βιβλίο
Γλώσσα:Undetermined
Έκδοση: París, Francia Lettres modernes Minard 1976
Θέματα:
Ετικέτες: Προσθήκη ετικέτας
Δεν υπάρχουν, Καταχωρήστε ετικέτα πρώτοι!

MARC

LEADER 00000nam a2200000Ia 4500
008 170316s9999 xx 000 0 und d
040 |a cru BVZT 
090 |a C-840 C-2m 
100 |a Carrard, Philippe 
245 |a Malraux ou le recit hibride: essai sur les techniques narratives dans l'espoir 
260 |a París, Francia 
260 |b Lettres modernes Minard 
260 |c 1976 
300 |a 293 páginas 
650 |a LITERATURA FRANCESA 
650 |a CRÍTICA 
999 |c 12957  |d 12957 
942 |c 15 D  |h C-840 C-2m  |2 z